Statistics for "Please" in Different Languages

Click here to take the quiz!

General Stats

  • This quiz has been taken 98 times
  • The average score is 9 of 24

Answer Stats

Hint Answer % Correct
Por favorPortuguese, Spanish
92%
PleaseEnglish
91%
BitteGerman
88%
S'il vous plaîtFrench
86%
Per favoreItalian
82%
AlstublieftDutch
55%
Vær så venligDanish
51%
Vær så snillNorwegian
50%
Gjörðu svo velIcelandic
44%
Os gwelwch yn ddaWelsh
41%
ProsímCzech, Slovak, Slovenian
27%
AssebliefAfrikaans
27%
`Olu`oluHawaiian
22%
Si us plauCatalan
21%
Le do thoilIrish
21%
LütfenTurkish
19%
Vă rogRomanian
18%
Pi favuriSicilian
10%
Per plaschairRomansch
10%
SoupleHaitian Creole
9%
TafadhaliSwahili
8%
MesedezBasque
6%
PlisTok Pisin
4%
MiràAymara
1%

Score Distribution

Percentile by Number Answered

Percent of People with Each Score

Your Score History

You have not taken this quiz